000 00369 a2200121 4500
001 ART_39487
005 20260410161736.0
008 260409a
245 1 0 _aImpuestos simples, si ...pero también razonables
100 1 _aLlanos, Eduardo
700 1 _aTomá, Pascual R.
773 0 _tEjecutivos de finanzas
_g- Año 7, Nº 61 (nov. 1989)
_wREV2863
999 _c18328
_d18328